书目信息 |
| 题名: |
量子化学
|
|
| 作者: | 陈正隆 , 孙小强 编著 | |
| 分册: | ||
| 出版信息: | 南京 南京大学出版社 2007.07 |
|
| 页数: | 227页 | |
| 开本: | 23cm | |
| 丛书名: | ||
| 单 册: | ||
| 中图分类: | O64 | |
| 科图分类: | ||
| 主题词: | 量子化学--liang zi hua xue--高等学校--教材 | |
| 电子资源: | ||
| ISBN: | 978-7-305-05108-1 | |
| 000 | 00944nam0 2200265 450 | |
| 001 | 012008793454 | |
| 005 | 20080512115523.84 | |
| 010 | @a978-7-305-05108-1@dCNY35.00 | |
| 100 | @a20080512d2007 em y0chiy0120 ea | |
| 101 | 0 | @achi |
| 102 | @aCN@b320000 | |
| 105 | @aack z 001yy | |
| 106 | @ar | |
| 200 | 1 | @a量子化学@Aliang zi hua xue@f陈正隆, 孙小强编著@Fchen zheng long,sun xiao qiang bian zhu |
| 210 | @a南京@c南京大学出版社@d2007.07 | |
| 215 | @a227页@c图, 肖像@d23cm | |
| 300 | @a21世纪应用型本科院校规划教材 | |
| 320 | @a有索引 | |
| 330 | @a本书内容包括量子论的发展、波动力学薛丁格方程式、量子力学的基本假说、一度空间盒中自由运动的粒子、多维的薛丁格议程式、简谐振荡体、角动量、刚性转动体等。 | |
| 606 | 0 | @a量子化学@Aliang zi hua xue@x高等学校@j教材 |
| 690 | @aO64@v4 | |
| 701 | 0 | @a陈正隆@Achen zheng long@4编著 |
| 701 | 0 | @a孙小强@Asun xiao qiang@4编著 |
| 801 | 0 | @aCN@bQSSK@c20080512 |
| 905 | @b710758-60@dO64@eC653@f3 | |
| 量子化学/陈正隆, 孙小强编著.-南京:南京大学出版社,2007.07 |
| 227页:图, 肖像;23cm |
| 21世纪应用型本科院校规划教材 |
| ISBN 978-7-305-05108-1:CNY35.00 |
| 本书内容包括量子论的发展、波动力学薛丁格方程式、量子力学的基本假说、一度空间盒中自由运动的粒子、多维的薛丁格议程式、简谐振荡体、角动量、刚性转动体等。 |
| ● |
| 相关链接 |
|
|
|
正题名:量子化学
索取号:O64/C653
 
预约/预借
| 序号 | 登录号 | 条形码 | 馆藏地/架位号 | 状态 | 备注 |
| 1 | 710758 | 207107584 | 自科库401/401自科库 94排1列2层/ [索取号:O64/C653] | 在馆 | |
| 2 | 710759 | 207107593 | 自科库401/401自科库 94排1列2层/ [索取号:O64/C653] | 在馆 | |
| 3 | 710760 | 207107600 | 自科库401/401自科库 94排1列2层/ [索取号:O64/C653] | 在馆 |